Latin America / (Record no. 20966)
[ view plain ]
| 000 -LEADER | |
|---|---|
| fixed length control field | 00807nam a22002415a 4500 |
| 005 - DATE AND TIME OF LATEST TRANSACTION | |
| control field | 20151025123241.0 |
| 008 - FIXED-LENGTH DATA ELEMENTS--GENERAL INFORMATION | |
| fixed length control field | 151025t2014 mdua frb 000 0 eng d |
| 020 ## - INTERNATIONAL STANDARD BOOK NUMBER | |
| International Standard Book Number | 9781475812275 |
| 082 04 - DEWEY DECIMAL CLASSIFICATION NUMBER | |
| Classification number | 320.98 |
| Item number | BUC |
| Edition number | 22 |
| 100 1# - MAIN ENTRY--PERSONAL NAME | |
| Personal name | Buckman, Robert T. |
| 9 (RLIN) | 38561 |
| 245 10 - TITLE STATEMENT | |
| Title | Latin America / |
| Statement of responsibility, etc | Robert T. Buckman. |
| 250 ## - EDITION STATEMENT | |
| Edition statement | 48th. ed. |
| 260 ## - PUBLICATION, DISTRIBUTION, ETC. (IMPRINT) | |
| Place of publication, distribution, etc | Lanham : |
| Name of publisher, distributor, etc | Stryker-Post Publications / The Rowman & littlefield Publishing Group, |
| Date of publication, distribution, etc | c.2014. |
| 300 ## - PHYSICAL DESCRIPTION | |
| Extent | vi, 456 p. : |
| Other physical details | ill. ; |
| Dimensions | 28 cm. |
| 490 0# - Series Statement | |
| Series statement | The World today series, |
| International Standard Serial Number | 00924148 |
| 504 ## - BIBLIOGRAPHY, ETC. NOTE | |
| Bibliography, etc | Bibliography : p. 445-456. |
| 650 ## - SUBJECT ADDED ENTRY--TOPICAL TERM | |
| Source of heading or term | BUEsh |
| 651 #0 - SUBJECT ADDED ENTRY--GEOGRAPHIC NAME | |
| Geographic name | Latin America |
| General subdivision | History. |
| Source of heading or term | BUEsh |
| 9 (RLIN) | 27521 |
| 651 #0 - SUBJECT ADDED ENTRY--GEOGRAPHIC NAME | |
| Geographic name | Latin America |
| General subdivision | Politics and government. |
| Source of heading or term | BUEsh |
| 653 ## - INDEX TERM--UNCONTROLLED | |
| Resource For college | BAEPS, Political Science |
| Arrived date list | October2015 |
| 655 ## - INDEX TERM--GENRE/FORM | |
| Form subdivision | Reading book |
| -- | 34232 |
| 942 ## - ADDED ENTRY ELEMENTS (KOHA) | |
| Source of classification or shelving scheme | Dewey Decimal Classification |
| Call number prefix | 320.98 BUC |
| Withdrawn status | Item status | Source of classification or shelving scheme | Damaged status | Not for loan | Vendor | Home library | Current library | Shelving location | Date acquired | Source of acquisition | Total Checkouts | Total Renewals | Full call number | Barcode | Date last seen | Date last borrowed | Koha item type |
|---|---|---|---|---|---|---|---|---|---|---|---|---|---|---|---|---|---|
| Dewey Decimal Classification | Baccah | Central Library | Central Library | First floor | 25/10/2015 | Purchase | 1 | 1 | 320.98 BUC | 000031143 | 15/07/2025 | 15/08/2018 | Book - Borrowing | ||||
| Dewey Decimal Classification | Baccah | Central Library | Central Library | First floor | 25/10/2015 | Purchase | 1 | 7 | 320.98 BUC | 000031142 | 15/07/2025 | 26/04/2016 | Book - Borrowing | ||||
| Dewey Decimal Classification | Baccah | Central Library | Central Library | First floor | 25/10/2015 | Purchase | 2 | 1 | 320.98 BUC | 000031141 | 15/07/2025 | 25/10/2017 | Book - Borrowing |